Historia universal : (Registro nro. 237)
[ vista simple ]
| 000 -Cabecera | |
|---|---|
| Campo de control interno | 01258nam a2200229Ia 4500 |
| 005 - Fecha y hora del registro | |
| control field | 20251203123020.0 |
| 008 - Elementos de Longitud Fija | |
| fixed length control field | 251203t2003||||xx |||||||||||||| ||spa|| |
| 020 ## - ISBN | |
| ISBN | 9972891747 |
| 041 ## - Idioma | |
| Codigo Idioma | ESP |
| 082 ## - DEWEY y NOTACIÓN INTERNA | |
| Dewey | RO 909 |
| Notación Interna | C76 |
| 110 ## - AUTOR INSTTITUCIONAL | |
| Autor Institucional | El Comercio |
| 245 #0 - TÍTULO DE MATERIAL BIBLIOGRÁFICO | |
| Título | Historia universal : |
| Título paralelo | Tomos 1-16 |
| 260 ## - CIUDAD, EDITORIAL, AÑO | |
| Ciudad | Lima : |
| Nombre de la Editorial | El Comercio Ediciones, |
| Año | 2003 |
| 300 ## - DESCRIPCIÓN | |
| N° Páginas | Varias paginaciones : |
| Otros detalles | ilustraciones, fotografías, mapas ; |
| Dimensiones | 28 cm. |
| Material Adicional | |
| 440 ## - MENCIÓN DE SERIE | |
| Título de la Serie | |
| Número de Serie | |
| Volumen de Serie | |
| 505 ## - TABLA DE CONTENIDO | |
| Tabla de Contenido | Contiene: Tomo 1: Prehistoria y primeras civilizaciones; Tomo 2: Grandes imperios de la antigüedad; Tomo 3: El mundo griego; Tomo 4: Esplendor y decadencia de Roma; Tomo 5: América precolombina; Tomo 6: El auge de las culturas orientales; Tomo 7: La alta edad media y el islam; Tomo 8: La baja edad media; Tomo 9: Los inicios de la edad moderna; Tomo 10: América: de la conquista a la independencia; Tomo 11: El mundo bajo el signo del absolutismo; Tomo 12: La era de las revoluciones; Tomo 13: Europa y América en el siglo XIX; Tomo 14: Industrialización e imperialismo; Tomo 15: Un mundo en guerra; Tomo 16: De la guerra fría hasta nuestros días |
| 650 ## - TEMAS | |
| Temas | Geografía |
| 653 ## - DESCRIPTORES | |
| Lenguajes no controlado | Historia universal; Colección |
| 654 ## - PROGRAMAS | |
| Programa | Todos los programas |
| 942 ## - ELEMENTOS DE KOHA | |
| Tipo de documento | Libro |
| Nombre del creador | Justo Noguera |
| Código de catalogador | Tania Ramirez |
| Esquema de clasificación | Dewey Decimal Classification |
| Suppress in OPAC | |
| Codigo completo | Registro | Colección | Copia número | Disponibilidad | Tipo de préstamo | Biblioteca Actual | Procedencia (Biblioteca) | Ubicacón | Fecha Ingreso | Tipo de Adquisición | Date last seen | Total checkouts | Price effective from | Tipo de Item | Estado del Material | Fuente de Clasificación | Damaged status | Withdrawn status |
|---|---|---|---|---|---|---|---|---|---|---|---|---|---|---|---|---|---|---|
| RO 909 C76 | 1085110 | Colección Vera Bejar | 1 | Restringido | Víctor Andrés Belaunde | Víctor Andrés Belaunde | Planta baja cerrada | 03/12/2025 | Donación | 03/12/2025 | 03/12/2025 | Libro | Bueno | Dewey Decimal Classification | Withdrawn |




